00677nam a2200217Ia 450000500170000000800410001704000190005804100120007708200150008910000150010424500560011926000320017530000120020750400500021965000340026965100240030385000100032794200070033799900170034495200980036120221202110123.0131103s9999 xx 000 0 und d aLoreto College aEnglish a810.9bWYK aWykes,Alan 2aA concise survey of American LiteraturecAlan Wykes aLondonbArthur Barkerc1955 a200 p.  aIncludes bibliographical references and index aAmerican Literature - History aAmerican Literature aLCLIB cBK c11585d62064 00102ddc4070aMAINbMAINd2013-11-04l0o810.9 WYK pB11489r2013-11-04w2013-11-04yBKf